[Event "N1 Reykjavik Open 2014"]
[Site "Reykjavik, Iceland"]
[Date "2014.03.10"]
[Round "8.30"]
[White "Edvardsson, Kristjan"]
[Black "Kjartansson, Gudmundur"]
[Result "0-1"]
[WhiteElo "2233"]
[BlackElo "2441"]
[EventDate "2014.03.04"]
[PlyCount "0"]

1. d4 d6 2. Nf3 g6 3. g3 Bg7 4. Bg2 Nf6 5. O-O O-O 6. c4 Nbd7 7. Nc3 e5 8.
 e4 exd4 9. Nxd4 Re8 10. h3 a6 11. Re1 Rb8 12. Be3 Nc5 13. Qc2 Bd7 14. 
Rad1 Qc8 15. Kh2 h5 16. b4 Ne6 17. Nde2 h4 18. gxh4 Nh5 19. Qd2 Qd8 20. f4
Qxh4 21. Rf1 Nf6 22. Kg1 Nf8 23. f5 gxf5 24. exf5 Bc6 25. Bg5 Qh8 26. Nd5 
Bxd5 27. cxd5 N8d7 28. Rf4 Qh5 29. Rf2 Ne5 30. Ng3 Qh8 31. Rf4 Kf8 32. Rh4
Qg8 33. Kh2 Ned7 34. Rg1 Nh7 35. Bh6 Ndf6 36. Bf4 Ke7 37. Bf3 Kd7 38. Nh5 
Nxh5 39. Rxh5 f6 40. Qg2 Re7 41. Qg6 Nf8 42. Qxf6 Rbe8 43. Qh4 Qf7 44. Bg5
Re2+ 45. Rg2 Be5+ 46. Kh1 Rxg2 47. Kxg2 c6 48. Qc4 Kc7 49. Qc2 Nh7 50. 
dxc6 b6 51. h4 Bd4 52. Qd2 Be5 53. Qc2 Bd4 54. a4 Rg8 55. Qe2 Be5 56. Qxa6
Qa2+ 57. Be2 Qd5+ 58. Bf3 Qa2+ 59. Qe2 Qf7 60. a5 bxa5 61. Qf2 Ra8 62. b5 
Nxg5 63. b6+ Kd8 64. Rxg5 Ra6 65. Rg6 a4 66. Re6 a3 67. Bd5 Qg8+ 68. Kf3 
a2 69. c7+ Kc8 70. b7+ Kxc7 71. Re7+ Kb8 72. Bxg8 a1=Q 73. Bd5 Qd1+ 74. 
Qe2 Ra3+ 75. Kf2 Qd4+ 76. Kf1 Ra1+ 0-1

[Event "N1 Reykjavik Open 2014"]
[Site "Reykjavik, Iceland"]
[Date "2014.03.10"]
[Round "8.31"]
[White "Norowitz, Yaacov"]
[Black "Liang, Awonder"]
[Result "1-0"]
[WhiteElo "2430"]
[BlackElo "2237"]
[EventDate "2014.03.04"]
[PlyCount "65"]

1. d4 Nf6 2. Bg5 Ne4 3. Bf4 c5 4. d5 Qb6 5. Qc1 d6 6. f3 Nf6 7. e4 g6 8. 
Nd2 Bg7 9. Nc4 Qd8 10. a4 O-O 11. Ne2 Na6 12. Nc3 Nc7 13. Be2 Bd7 14. Qd2 
b5 15. axb5 Nxb5 16. Nxb5 Bxb5 17. Na5 Bd7 18. c3 Qc7 19. O-O Rfb8 20. Ra2
Nh5 21. Bg5 Bf6 22. Be3 Bg7 23. Rfa1 e5 24. b4 cxb4 25. cxb4 f5 26. Rc1 
Qd8 27. Nc6 Bxc6 28. dxc6 Qc7 29. b5 Nf6 30. Rca1 fxe4 31. Rxa7 Rxa7 32. 
Rxa7 Qc8 33. c7 1-0

[Event "N1 Reykjavik Open 2014"]
[Site "Reykjavik, Iceland"]
[Date "2014.03.10"]
[Round "8.32"]
[White "Thorhallsson, Gylfi"]
[Black "L'Ami, Alina"]
[Result "0-1"]
[WhiteElo "2130"]
[BlackElo "2398"]
[EventDate "2014.03.04"]
[PlyCount "50"]

1. e4 e6 2. d4 d5 3. Nd2 Nf6 4. e5 Nfd7 5. Bd3 c5 6. c3 Nc6 7. Ne2 cxd4 8.
 cxd4 f6 9. exf6 Nxf6 10. O-O Bd6 11. Nf3 Qc7 12. Re1 O-O 13. Ng3 Bd7 14. 
Bd2 Rae8 15. Bc3 Re7 16. Qe2 Be8 17. Ne5 Nd7 18. Nf3 g6 19. Rad1 e5 20. 
dxe5 Ndxe5 21. Nxe5 Nxe5 22. Bxe5 Rxe5 23. Qg4 Rf4 24. Qh3 Bd7 25. Qh6 Bf8
0-1

[Event "N1 Reykjavik Open 2014"]
[Site "Reykjavik, Iceland"]
[Date "2014.03.10"]
[Round "8.33"]
[White "Gullaksen, Eirik"]
[Black "Djurhuus, Eivind X"]
[Result "1-0"]
[WhiteElo "2359"]
[BlackElo "1953"]
[EventDate "2014.03.04"]
[PlyCount "49"]

1. d4 Nf6 2. c4 e6 3. Nc3 Bb4 4. Qc2 O-O 5. e3 d5 6. Nf3 c5 7. a3 Bxc3+ 8.
 bxc3 b6 9. cxd5 exd5 10. a4 Ne4 11. Bd3 Re8 12. c4 Ba6 13. O-O Bxc4 14. 
Bxc4 dxc4 15. Rd1 Nd7 16. dxc5 Qf6 17. Ba3 Ndxc5 18. Qxc4 Rad8 19. Bxc5 
Nxc5 20. a5 Ne4 21. axb6 axb6 22. h3 Rc8 23. Qb4 g6 24. Ra7 Red8 25. Rxd8+
1-0

[Event "N1 Reykjavik Open 2014"]
[Site "Reykjavik, Iceland"]
[Date "2014.03.10"]
[Round "8.34"]
[White "Farine, Jonathan"]
[Black "Vojinovic, Jovana"]
[Result "0-1"]
[WhiteElo "1953"]
[BlackElo "2323"]
[EventDate "2014.03.04"]
[PlyCount "64"]

1. e4 e6 2. d4 d5 3. Nc3 Nf6 4. e5 Nfd7 5. Nf3 c5 6. dxc5 Nc6 7. Bf4 Bxc5 
8. Bd3 f6 9. exf6 Qxf6 10. Bg5 Qf7 11. Qe2 O-O 12. Bh4 h6 13. O-O-O Bb4 
14. Bg3 Bxc3 15. bxc3 Qf6 16. Rhe1 Nb6 17. Ne5 Na4 18. Nxc6 Nxc3 19. Qg4 
Nxd1 20. Kxd1 bxc6 21. Be5 Qg5 22. Qd4 Qe7 23. Re3 c5 24. Qb2 c4 25. Bg6 
Rxf2 26. Rg3 Rf6 27. Be8 Rf1+ 28. Kd2 g5 29. Bc6 Qc5 30. Bxa8 c3+ 31. Rxc3
Qf2+ 32. Kd3 Rd1# 0-1

[Event "N1 Reykjavik Open 2014"]
[Site "Reykjavik, Iceland"]
[Date "2014.03.10"]
[Round "8.35"]
[White "Thorfinnsson, Bjorn"]
[Black "Rydstrom, Tom"]
[Result "1-0"]
[WhiteElo "2389"]
[BlackElo "2198"]
[EventDate "2014.03.04"]
[PlyCount "0"]

1. d4 d5 2. e4 dxe4 3. Nc3 Nf6 4. f3 Bf5 5. fxe4 Nxe4 6. Qf3 Nxc3 7. Qxf5 
Nd5 8. c4 Nb6 9. Nf3 e6 10. Qe4 c6 11. Bd3 N8d7 12. O-O Nf6 13. Qh4 Be7 
14. g4 Nfd7 15. Qh3 Qc7 16. a4 O-O-O 17. a5 Na8 18. Be3 h6 19. Bf2 Nf6 20.
 Rfd1 Qf4 21. a6 Qxg4+ 22. Qxg4 Nxg4 23. axb7+ Kxb7 24. d5 Nxf2 25. dxc6+ 
Kxc6 26. Ne5+ Kb6 27. Kxf2 Bc5+ 28. Ke2 Rhf8 29. Be4 Kc7 30. Nc6 Rxd1 31. 
Kxd1 f5 32. Bg2 f4 33. Bf3 g5 34. b4 g4 35. Be4 Be3 36. c5 Rb8 37. Rxa7+ 
Rb7 38. Rxa8 f3 39. Rf8 f2 40. Ke2 1-0

[Event "N1 Reykjavik Open 2014"]
[Site "Reykjavik, Iceland"]
[Date "2014.03.10"]
[Round "8.36"]
[White "Gledura, Benjamin"]
[Black "Thorsteinsson, Arnar"]
[Result "1-0"]
[WhiteElo "2385"]
[BlackElo "2205"]
[EventDate "2014.03.04"]
[PlyCount "59"]

1. b3 d5 2. Bb2 Nd7 3. Nf3 Ngf6 4. e3 g6 5. c4 dxc4 6. bxc4 c5 7. Be2 Bg7 
8. O-O O-O 9. a4 Ne4 10. Bxg7 Kxg7 11. d3 Nd6 12. a5 Nb8 13. Nbd2 Qc7 14. 
d4 Na6 15. d5 Nb4 16. e4 f6 17. e5 Nf7 18. d6 exd6 19. exf6+ Kxf6 20. Ne4+
Kg7 21. Qd2 Nc6 22. Qb2+ Nfe5 23. Rfd1 Kg8 24. Nxd6 Nxf3+ 25. Bxf3 Rxf3 
26. gxf3 Nd4 27. Rxd4 cxd4 28. Qxd4 Be6 29. Re1 Bf7 30. Qf6 1-0

[Event "N1 Reykjavik Open 2014"]
[Site "Reykjavik, Iceland"]
[Date "2014.03.10"]
[Round "8.37"]
[White "Dubessay, Bastien"]
[Black "Sahl, Sheila Barth"]
[Result "1-0"]
[WhiteElo "2362"]
[BlackElo "2196"]
[EventDate "2014.03.04"]
[PlyCount "81"]

1. d4 d5 2. c4 c6 3. Nf3 Nf6 4. Nc3 dxc4 5. a4 Bf5 6. Ne5 Nbd7 7. Nxc4 Nb6
8. Ne3 Bg6 9. a5 Nbd5 10. Qb3 e6 11. Nexd5 Nxd5 12. e4 Nxc3 13. bxc3 b5 
14. axb6 axb6 15. Rxa8 Qxa8 16. Bd3 Qa7 17. O-O Bd6 18. f4 O-O 19. g4 Qe7 
20. Qc2 Qh4 21. Qg2 f6 22. Be3 Bf7 23. Bf2 Qh6 24. Bg3 Rd8 25. Qf3 c5 26. 
e5 Bf8 27. Bf2 g5 28. fxg5 Qxg5 29. h4 Qd2 30. Rd1 Qa2 31. Qxf6 Rd7 32. h5
Bg7 33. Qf3 cxd4 34. Bxd4 Qd5 35. Be4 Qa5 36. Rf1 Bxe5 37. Bc6 Bxd4+ 38. 
cxd4 Ra7 39. Be8 Qg5 40. Bxf7+ Kh8 41. Bxe6 1-0

[Event "N1 Reykjavik Open 2014"]
[Site "Reykjavik, Iceland"]
[Date "2014.03.10"]
[Round "8.38"]
[White "Schou-Moldt, Thomas"]
[Black "Devereaux, Maxim L"]
[Result "0-1"]
[WhiteElo "2191"]
[BlackElo "2345"]
[EventDate "2014.03.04"]
[PlyCount "0"]

1. e4 c5 2. Nf3 d6 3. Bb5+ Bd7 4. a4 Nc6 5. O-O a6 6. Bxc6 Bxc6 7. Re1 e5 
8. c3 Nf6 9. d4 cxd4 10. cxd4 Be7 11. Nc3 O-O 12. a5 b5 13. b4 Rc8 14. Bb2
d5 15. dxe5 Nxe4 16. Qb3 Nxc3 17. Bxc3 Bd7 18. Nd2 Bg5 19. Qb2 Rc6 20. Bd4
Rg6 21. Ra3 Bf4 22. Nf1 Qg5 23. g3 Rc8 24. Rf3 Qg4 25. Rc3 Rc4 26. Rxc4 
dxc4 27. Be3 h5 28. Bxf4 Qxf4 29. Qd2 Qxd2 30. Nxd2 Bf5 31. Nf3 Bd3 32. 
Re3 Re6 33. Ne1 Bf5 34. Kf1 Rc6 35. Rc3 f6 36. f4 Rc8 37. Ke2 Kf7 38. Ke3 
fxe5 39. fxe5 Ke6 40. Kf4 Rf8 41. Kg5 Be4 42. Kxh5 Kxe5 43. h4 Kd4 44. Rc1
c3 0-1

[Event "N1 Reykjavik Open 2014"]
[Site "Reykjavik, Iceland"]
[Date "2014.03.10"]
[Round "8.39"]
[White "Antal, Tibor Kende"]
[Black "Hellwig, Tobias"]
[Result "1-0"]
[WhiteElo "2325"]
[BlackElo "2180"]
[EventDate "2014.03.04"]
[PlyCount "69"]

1. e4 Nf6 2. e5 Nd5 3. d4 d6 4. Nf3 dxe5 5. Nxe5 g6 6. Be2 Bg7 7. O-O O-O 
8. c4 Nb4 9. a3 N4c6 10. Nxc6 Nxc6 11. d5 Nd4 12. Nc3 Bf5 13. Be3 Nc2 14. 
Rc1 Nxe3 15. fxe3 Qd6 16. Bd3 Bh6 17. Re1 Bd7 18. Rc2 Qe5 19. Qf3 c6 20. 
Qe4 Bg7 21. Rd1 cxd5 22. Qxe5 Bxe5 23. cxd5 Rac8 24. Rdc1 Rc5 25. b4 Rxc3 
26. Rxc3 Bxc3 27. Rxc3 Rc8 28. Rxc8+ Bxc8 29. e4 Kg7 30. e5 e6 31. d6 Bd7 
32. b5 f6 33. a4 fxe5 34. Be4 a6 35. Bc6 1-0

[Event "N1 Reykjavik Open 2014"]
[Site "Reykjavik, Iceland"]
[Date "2014.03.10"]
[Round "8.40"]
[White "Beltz, Franziska"]
[Black "Englert, Fabian"]
[Result "0-1"]
[WhiteElo "2155"]
[BlackElo "2317"]
[EventDate "2014.03.04"]
[PlyCount "0"]

1. e4 c5 2. Nf3 e6 3. d4 cxd4 4. Nxd4 a6 5. Nc3 Qc7 6. Bd3 Bc5 7. Nb3 Be7 
8. O-O d6 9. f4 Nd7 10. Qf3 Ngf6 11. Bd2 b5 12. a3 Bb7 13. Kh1 g6 14. a4 
b4 15. Na2 Nc5 16. Bxb4 Bxe4 17. Bxe4 Ncxe4 18. Nc3 d5 19. Bxe7 Kxe7 20. 
Nxe4 Nxe4 21. Nd4 Nd2 22. Qa3+ Kf6 23. Rf2 Ne4 24. Rf3 Rhe8 25. Qe3 Kg7 
26. Rh3 Kg8 27. Rf1 Qc4 28. Ra1 Qb4 29. b3 Rac8 30. Rd1 Rc3 31. Qe1 Qc5 
32. Rxc3 Qxc3 33. Qxc3 Nxc3 34. Re1 Kf8 35. Kg1 Rc8 36. Re3 Ke7 37. Kf1 
Kd6 38. Ke1 Na2 39. Kd2 Nb4 40. c3 Nc6 41. Nxc6 Rxc6 42. Kd3 f6 43. Kd4 
Rb6 44. c4 dxc4 45. Kxc4 Rc6+ 46. Kb4 Kd5 47. Rc3 a5+ 0-1

[Event "N1 Reykjavik Open 2014"]
[Site "Reykjavik, Iceland"]
[Date "2014.03.10"]
[Round "8.41"]
[White "Chernukhin, Alexander"]
[Black "Bisby, Daniel L"]
[Result "0-1"]
[WhiteElo "2135"]
[BlackElo "2314"]
[EventDate "2014.03.04"]
[PlyCount "106"]

1. c4 Nf6 2. Nc3 g6 3. g3 Bg7 4. Bg2 O-O 5. Nf3 d6 6. O-O a6 7. d3 e5 8. 
Rb1 h6 9. b4 Be6 10. Qc2 Nbd7 11. Nd2 c6 12. e4 Nh5 13. a4 Qe7 14. b5 axb5
15. axb5 Rfc8 16. Bb2 Nhf6 17. Ra1 Nc5 18. Ra3 Rxa3 19. Bxa3 Ra8 20. Bxc5 
dxc5 21. bxc6 bxc6 22. Rb1 h5 23. Qb2 Rd8 24. Bf1 Bh6 25. Nb3 h4 26. Na4 
hxg3 27. hxg3 Nd7 28. Na5 Ra8 29. Nxc6 Qg5 30. Nb6 Nxb6 31. Qxb6 Bg7 32. 
Qxc5 Ra2 33. d4 Rxf2 34. Kxf2 Qd2+ 35. Be2 Bg4 36. Re1 exd4 37. Qa3 Bh6 
38. Qa5 Qe3+ 39. Kg2 Bxe2 40. Nxd4 Qxe4+ 41. Kf2 Qxd4+ 42. Kxe2 Qe3+ 43. 
Kf1 Qf3+ 44. Kg1 Qxg3+ 45. Kf1 Qf3+ 46. Kg1 Be3+ 47. Kh2 Qf4+ 48. Kh3 g5 
49. Qd8+ Kg7 50. Qd1 Bf2 51. Qa1+ Kh7 52. Qb1+ Kh6 53. Kg2 Qg3+ 0-1

[Event "N1 Reykjavik Open 2014"]
[Site "Reykjavik, Iceland"]
[Date "2014.03.10"]
[Round "8.42"]
[White "Gislason, Gudmundur"]
[Black "Sigeman, Johan"]
[Result "1-0"]
[WhiteElo "2314"]
[BlackElo "2123"]
[EventDate "2014.03.04"]
[PlyCount "0"]

1. Nf3 Nf6 2. c4 e6 3. g3 b6 4. Bg2 Bb7 5. O-O Be7 6. b3 O-O 7. Bb2 c5 8. 
e3 d6 9. Qe2 Nbd7 10. Rd1 Qc7 11. Nc3 a6 12. Rac1 Rfe8 13. d4 Rad8 14. e4 
cxd4 15. Nxd4 Bf8 16. f4 Qb8 17. f5 d5 18. fxe6 fxe6 19. Kh1 e5 20. Nf5 g6
21. exd5 gxf5 22. Rf1 Bh6 23. Rce1 f4 24. Ne4 Nxe4 25. Bxe4 f3 26. Qxf3 
Rf8 27. Qg4+ Bg7 28. Qh3 Nf6 29. Rxf6 Rxf6 30. Bxe5 Rh6 31. Bxh7+ Kxh7 32.
 Qf5+ Kh8 33. Bxg7+ Kxg7 34. Re7+ Kh8 35. Qg5 Rg8 36. Qxh6# 1-0

[Event "N1 Reykjavik Open 2014"]
[Site "Reykjavik, Iceland"]
[Date "2014.03.10"]
[Round "8.43"]
[White "Hauge, Lars Oskar"]
[Black "Szalontay, Mihaly"]
[Result "1-0"]
[WhiteElo "2308"]
[BlackElo "2066"]
[EventDate "2014.03.04"]
[PlyCount "0"]

1. e4 d6 2. d4 Nf6 3. Nc3 g6 4. f4 Bg7 5. Bd3 O-O 6. Nf3 Nbd7 7. O-O c5 8.
 d5 Qa5 9. Qe2 a6 10. e5 Ne8 11. e6 Ndf6 12. f5 fxe6 13. fxg6 Nc7 14. 
gxh7+ Kh8 15. Nh4 Nxh7 16. Ng6+ Kg8 17. Nxe7+ Kh8 18. Qh5 Bd4+ 19. Be3 
Bxe3+ 20. Kh1 Rf5 21. Rxf5 exf5 22. Qf7 Bd7 23. Ng6# 1-0

[Event "N1 Reykjavik Open 2014"]
[Site "Reykjavik, Iceland"]
[Date "2014.03.10"]
[Round "8.44"]
[White "Johannesson, Oliver"]
[Black "Kristinsson, Jon"]
[Result "1-0"]
[WhiteElo "2115"]
[BlackElo "2290"]
[EventDate "2014.03.04"]
[PlyCount "0"]

1. d4 Nf6 2. c4 g6 3. Nc3 Bg7 4. Nf3 O-O 5. Bg5 d6 6. e3 Nbd7 7. Be2 h6 8.
 Bh4 c6 9. Qc2 a6 10. O-O b5 11. b4 bxc4 12. Bxc4 Kh7 13. Rfd1 Nb6 14. Be2
Qc7 15. Rac1 Bb7 16. Nd2 Rac8 17. Nb3 Nbd7 18. Na4 e5 19. Bxf6 Bxf6 20. 
Bg4 Rcd8 21. d5 Nb8 22. Na5 c5 23. Nxb7 Qxb7 24. bxc5 dxc5 25. Nxc5 Qb6 
26. Rb1 Qc7 27. Rb7 Qa5 28. Ne6 1-0

[Event "N1 Reykjavik Open 2014"]
[Site "Reykjavik, Iceland"]
[Date "2014.03.10"]
[Round "8.45"]
[White "Ragnarsson, Dagur"]
[Black "Ponomarenko, Alexandr"]
[Result "1-0"]
[WhiteElo "2105"]
[BlackElo "2274"]
[EventDate "2014.03.04"]
[PlyCount "0"]

1. c4 Nf6 2. g3 e6 3. Bg2 d5 4. b3 Be7 5. Nf3 O-O 6. O-O d4 7. Bb2 c5 8. 
b4 Nc6 9. b5 Nb8 10. d3 Nbd7 11. a4 a6 12. Nbd2 a5 13. e3 e5 14. exd4 exd4
15. Re1 h6 16. Nh4 Re8 17. Qe2 Bf8 18. Qf1 Ne5 19. h3 Qc7 20. f4 Ned7 21. 
Qf3 Rxe1+ 22. Rxe1 Nb6 23. Ra1 Ne8 24. f5 Be7 25. Ne4 Bxh4 26. gxh4 Qe5 
27. Bc1 Nd7 28. Bd2 Qe7 29. Qg3 Ndf6 30. Re1 Nxe4 31. Rxe4 Qf8 32. Bxh6 
Bxf5 33. Re5 Bg6 34. Bxb7 Rd8 35. h5 Bxd3 36. Bc6 Kh8 37. Bg5 f6 38. Qxd3 
fxg5 39. Rxg5 Nf6 40. Bg2 Re8 41. h6 gxh6 42. Rg6 Nh7 43. Qf3 Qxf3 44. 
Bxf3 Ng5 45. Bg4 Ne4 46. Re6 Rg8 47. Rxe4 h5 48. Kf2 hxg4 49. hxg4 Kg7 50.
 Re5 Rc8 51. Rf5 Kg6 52. Ke2 Re8+ 53. Kd2 Rc8 54. Kd3 Kg7 55. b6 Rb8 56. 
Rxc5 Rxb6 57. Rxa5 Rd6 58. Rd5 1-0

[Event "N1 Reykjavik Open 2014"]
[Site "Reykjavik, Iceland"]
[Date "2014.03.10"]
[Round "8.46"]
[White "Prosviriakov, Vladimir"]
[Black "Pupols, Viktors"]
[Result "1-0"]
[WhiteElo "2269"]
[BlackElo "2049"]
[EventDate "2014.03.04"]
[PlyCount "99"]

1. d4 d5 2. Bf4 c6 3. c4 e6 4. e3 Bd6 5. Nc3 Bxf4 6. exf4 Ne7 7. Nf3 dxc4 
8. Bxc4 Nd7 9. O-O Nf6 10. Re1 O-O 11. Qd2 Qd6 12. Rad1 Bd7 13. Bd3 Rad8 
14. Bb1 Ned5 15. Ne5 Rfe8 16. g3 Bc8 17. a3 Nxc3 18. Qxc3 Nd5 19. Qf3 g6 
20. h4 Nf6 21. Qc3 Nd5 22. Qc2 Qf8 23. h5 Qg7 24. hxg6 hxg6 25. Qe4 f5 26.
 Qf3 Kf8 27. Ba2 Ke7 28. Kg2 Rh8 29. Bxd5 Rxd5 30. Qe3 Kd8 31. Rh1 Rxh1 
32. Rxh1 Kc7 33. b4 Kb8 34. a4 Bd7 35. Rc1 Qe7 36. Rc5 Be8 37. Rxd5 cxd5 
38. b5 a5 39. Nd3 b6 40. Qe5+ Kb7 41. Qh8 Bd7 42. Ne5 Be8 43. Qg8 Kc7 44. 
Nxg6 Bxg6 45. Qxg6 Qb4 46. Qxe6 Qxa4 47. Qc6+ Kd8 48. Qxb6+ Ke7 49. Qc7+ 
Kf6 50. b6 1-0

[Event "N1 Reykjavik Open 2014"]
[Site "Reykjavik, Iceland"]
[Date "2014.03.10"]
[Round "8.47"]
[White "Petursson, Gudni"]
[Black "Grant, Jonathan I M"]
[Result "1/2-1/2"]
[WhiteElo "2104"]
[BlackElo "2255"]
[EventDate "2014.03.04"]
[PlyCount "0"]

1. d4 Nf6 2. c4 e6 3. Nc3 Bb4 4. Qc2 Nc6 5. Nf3 O-O 6. a3 Bxc3+ 7. Qxc3 a5
8. b3 d6 9. Bg5 h6 10. Bh4 Re8 11. e3 e5 12. dxe5 dxe5 13. Be2 Bg4 14. h3 
Bf5 15. Rd1 Qe7 16. Bxf6 Qxf6 17. O-O Rad8 18. b4 axb4 19. axb4 Rxd1 20. 
Rxd1 Qe7 21. c5 Be4 22. b5 Nb8 23. Qc4 Bxf3 24. Bxf3 Nd7 25. Bxb7 Qxc5 26.
 Rc1 Rb8 27. Qxc5 Nxc5 28. Rxc5 Rxb7 29. Rxe5 f6 30. Re7 Rxb5 31. Rxc7 h5 
32. g3 Kh7 33. Kg2 Kg6 34. f4 Rb2+ 35. Kf3 Rh2 36. h4 Ra2 37. f5+ Kh7 
1/2-1/2

[Event "N1 Reykjavik Open 2014"]
[Site "Reykjavik, Iceland"]
[Date "2014.03.10"]
[Round "8.48"]
[White "Stigar, Petter"]
[Black "Baldvinsson, Loftur"]
[Result "1-0"]
[WhiteElo "2237"]
[BlackElo "2007"]
[EventDate "2014.03.04"]
[PlyCount "0"]

1. Nf3 Nf6 2. c4 g6 3. Nc3 Bg7 4. g3 O-O 5. d4 d6 6. Bg2 Nc6 7. O-O e5 8. 
d5 Ne7 9. c5 Nd7 10. cxd6 cxd6 11. e4 f5 12. exf5 Rxf5 13. Ng5 Nc5 14. b4 
e4 15. bxc5 Bxc3 16. Rb1 Bg7 17. Nxe4 dxc5 18. Nxc5 Qa5 19. Be3 Qxa2 20. 
d6 Nd5 21. d7 Bxd7 22. Nxd7 Rd8 23. Rxb7 Kh8 24. Rxa7 Qc4 25. Nb6 Qxf1+ 
26. Bxf1 1-0

[Event "N1 Reykjavik Open 2014"]
[Site "Reykjavik, Iceland"]
[Date "2014.03.10"]
[Round "8.49"]
[White "Schaefer, Reyk"]
[Black "Barthel, Ansgar"]
[Result "1/2-1/2"]
[WhiteElo "2102"]
[BlackElo "2229"]
[EventDate "2014.03.04"]
[PlyCount "128"]

1. d4 d5 2. c4 e6 3. Nf3 c5 4. cxd5 exd5 5. g3 Nc6 6. Bg2 Nf6 7. O-O Be7 
8. Nc3 O-O 9. dxc5 Bxc5 10. Na4 Be7 11. Be3 Bg4 12. Rc1 Qd7 13. Re1 Bh3 
14. Bh1 Ne4 15. Nc5 Bxc5 16. Bxc5 Rfe8 17. Bd4 Rac8 18. a3 a6 19. b4 h6 
20. Bc5 Qf5 21. Bd4 Rcd8 22. Nh4 Qe6 23. Nf3 g5 24. Rc2 Qf5 25. Rc1 Re6 
26. Bg2 Bxg2 27. Kxg2 Nd6 28. Kg1 Nc4 29. Ba1 Qe4 30. Qb3 g4 31. Nh4 b5 
32. Ng2 d4 33. Nf4 Re5 34. Rcd1 h5 35. e3 h4 36. gxh4 Rf5 37. Qd3 Qxd3 38.
 Nxd3 dxe3 39. fxe3 Rfd5 40. Nf2 Rxd1 41. Rxd1 Rxd1+ 42. Nxd1 Nxa3 43. Bc3
Nc2 44. e4 N6xb4 45. Nf2 Na2 46. Bb2 b4 47. Nxg4 Nc3 48. Bxc3 bxc3 49. 
Nf6+ Kg7 50. Nd5 Kg6 51. Kf2 Kh5 52. Kg3 Nd4 53. Nxc3 a5 54. Na4 Ne6 55. 
Nc3 Ng7 56. Na4 Ne8 57. Nc5 Nf6 58. e5 Nd5 59. e6 f5 60. Nd3 Kh6 61. Nc5 
Kg6 62. Kf3 Kh5 63. Kg3 Kg6 64. Kf3 Kh5 1/2-1/2

[Event "N1 Reykjavik Open 2014"]
[Site "Reykjavik, Iceland"]
[Date "2014.03.10"]
[Round "8.50"]
[White "Bergsson, Stefan"]
[Black "Steindorsson, Sigurdur P."]
[Result "0-1"]
[WhiteElo "2099"]
[BlackElo "2215"]
[EventDate "2014.03.04"]
[PlyCount "0"]

1. e4 d5 2. exd5 Qxd5 3. Nc3 Qd6 4. d4 Nf6 5. Nge2 g6 6. Bf4 Qb6 7. Qd2 
Bg7 8. O-O-O O-O 9. f3 Rd8 10. Qe3 Be6 11. g4 Nc6 12. a3 Nd5 13. Nxd5 Rxd5
14. c3 Qb3 15. Qd3 Rb5 16. Rd2 Na5 17. Ng3 Bc4 18. Qc2 Qa2 19. Bxc4 Nxc4 
20. Qb1 Qxb1+ 21. Kxb1 Nxd2+ 22. Bxd2 e5 23. dxe5 Bxe5 24. Ne4 Rd8 25. Bg5
Rd3 26. c4 Rxb2+ 0-1

[Event "N1 Reykjavik Open 2014"]
[Site "Reykjavik, Iceland"]
[Date "2014.03.10"]
[Round "8.51"]
[White "Sverrisson, Nokkvi"]
[Black "Dolzhikova, Olga"]
[Result "1/2-1/2"]
[WhiteElo "2066"]
[BlackElo "2212"]
[EventDate "2014.03.04"]
[PlyCount "0"]

1. e4 b6 2. d4 Bb7 3. Bd3 e6 4. Nf3 c5 5. c3 Nf6 6. Nbd2 d5 7. e5 Ne4 8. 
Qe2 Nxd2 9. Bxd2 Be7 10. h4 h6 11. h5 Qc8 12. Rh3 Ba6 13. Rg3 Kf8 14. Rg4 
Bxd3 15. Qxd3 Qa6 16. Qc2 Nc6 17. Rf4 Bg5 18. Rg4 Bxd2+ 19. Qxd2 cxd4 20. 
cxd4 Rc8 21. b3 Ne7 22. Rc1 Nf5 23. Rxc8+ Qxc8 24. Qb2 Ke8 25. Nd2 Qa6 26.
 Rf4 Ke7 27. Rf3 Rc8 28. Kd1 Nh4 29. Rc3 Nxg2 30. Rxc8 Qxc8 31. Qa3+ Kd7 
32. Qxa7+ Qc7 33. Qa4+ Qc6 34. Qa7+ Qc7 35. Qa4+ Qc6 36. Qa7+ Qc7 37. Qa4+
1/2-1/2

[Event "N1 Reykjavik Open 2014"]
[Site "Reykjavik, Iceland"]
[Date "2014.03.10"]
[Round "8.52"]
[White "Fridgeirsson, Dagur Andri"]
[Black "Christiansen, Johan-Sebastian"]
[Result "0-1"]
[WhiteElo "1803"]
[BlackElo "2209"]
[EventDate "2014.03.04"]
[PlyCount "104"]

1. d4 Nf6 2. c4 c5 3. d5 b5 4. cxb5 a6 5. bxa6 g6 6. Nc3 Bg7 7. e4 O-O 8. 
e5 Ne8 9. Nf3 d6 10. Bf4 Bg4 11. exd6 Nxd6 12. h3 Qb6 13. Qb3 Qxb3 14. 
axb3 Bxf3 15. gxf3 Nf5 16. a7 Nd7 17. Bb5 Nb6 18. Bc6 Rac8 19. Bb7 Rce8 
20. Bb8 Rxb8 21. axb8=Q Rxb8 22. Bc6 Nd4 23. Ra7 Nc8 24. Rd7 Nd6 25. O-O 
Nxf3+ 26. Kh1 Bf6 27. Ba4 Nd2 28. Re1 Nxb3 29. Rc7 Nd4 30. Rxc5 Rxb2 31. 
Nd1 Ra2 32. Bd7 Ra7 33. Bc8 Nf3 34. Rf1 Ne4 35. Rc2 Nd4 36. Rc1 Ra2 37. 
Bg4 h5 38. Bd7 Nd2 39. Re1 Ra3 40. Rc8+ Kg7 41. Ne3 Ne4 42. Kg2 Nxf2 43. 
Nc2 Nxc2 44. Rxc2 Nd3 45. Re4 Be5 46. Rd2 Nf4+ 47. Kf2 Bd6 48. h4 Bc5+ 49.
 Ke1 Ra1+ 50. Rd1 Nd3+ 51. Ke2 Rxd1 52. Rc4 Ne5 0-1

[Event "N1 Reykjavik Open 2014"]
[Site "Reykjavik, Iceland"]
[Date "2014.03.10"]
[Round "8.53"]
[White "Bjornsson, Sigurbjorn"]
[Black "Thorgeirsson, Jon Kristinn"]
[Result "1-0"]
[WhiteElo "2360"]
[BlackElo "1883"]
[EventDate "2014.03.04"]
[PlyCount "0"]

1. e4 c5 2. Nf3 e6 3. d4 cxd4 4. Nxd4 Nf6 5. Nc3 Bb4 6. Bd3 d5 7. e5 Nfd7 
8. Qg4 O-O 9. Bh6 g6 10. Nf3 Nc6 11. Bxf8 Qxf8 12. Qf4 Qg7 13. O-O Ndxe5 
14. Nxe5 Qxe5 15. Qxe5 Nxe5 16. Be2 Bd7 17. f4 Nc6 18. Rad1 Rc8 19. Ne4 
Kg7 20. a3 Ba5 21. Nd6 Rb8 22. c4 Bb6+ 23. Kh1 Nd4 24. Bf3 Ba4 25. Rd3 
Nxf3 26. gxf3 Bc5 27. b3 Bd7 28. Ne4 Bxa3 29. Ra1 Bc6 30. cxd5 exd5 31. 
Nc3 Bb2 32. Rxa7 Re8 33. Nxd5 Rd8 34. Ra2 Rxd5 35. Rxd5 Bxd5 36. Rxb2 
Bxf3+ 37. Kg1 f6 38. Kf2 Bc6 39. b4 Kf7 40. b5 Bd7 41. Ke3 Ke6 42. Kd4 Kd6
43. Kc4 g5 44. Rd2+ Kc7 45. fxg5 fxg5 46. Re2 Kd6 47. Rd2+ Kc7 48. Rf2 Be8
49. Rf6 Bh5 50. Kc5 Bg6 51. Re6 g4 52. Re7+ Kc8 53. Kd6 h5 54. Rg7 Be8 55.
 Rg8 Kd8 56. b6 h4 57. Rxg4 h3 58. Rg8 1-0

[Event "N1 Reykjavik Open 2014"]
[Site "Reykjavik, Iceland"]
[Date "2014.03.10"]
[Round "8.54"]
[White "Olafsson, Thorvardur"]
[Black "Runarsson, Gunnar"]
[Result "0-1"]
[WhiteElo "2254"]
[BlackElo "2048"]
[EventDate "2014.03.04"]
[PlyCount "0"]

1. e4 c5 2. Nf3 d6 3. d4 cxd4 4. Nxd4 Nf6 5. Nc3 a6 6. Be3 e5 7. Nb3 Be7 
8. f3 O-O 9. Qd2 Be6 10. O-O-O Qc7 11. Kb1 Nbd7 12. g4 Nc5 13. g5 Nh5 14. 
Nd5 Bxd5 15. exd5 Nxb3 16. axb3 b5 17. Bh3 a5 18. Qc3 Qb7 19. Qc6 Rfb8 20.
 Bd7 Qa6 21. h4 a4 22. Qxa6 Rxa6 23. b4 g6 24. Bc6 Ng3 25. Rhe1 Nf5 26. 
Bf2 a3 27. b3 a2+ 28. Kb2 Bf8 29. c4 bxc4 30. b5 Ra5 31. bxc4 Bg7 32. Re4 
Nd4 33. Ra1 Ra4 34. Bxd4 exd4 35. Kb3 d3 36. Kxa4 Bxa1 37. Re1 Bc3 0-1

[Event "N1 Reykjavik Open 2014"]
[Site "Reykjavik, Iceland"]
[Date "2014.03.10"]
[Round "8.55"]
[White "Langer, Michael"]
[Black "Hansen, Lars-Henrik Bech"]
[Result "1-0"]
[WhiteElo "2248"]
[BlackElo "2022"]
[EventDate "2014.03.04"]
[PlyCount "0"]

1. e4 d6 2. d4 g6 3. Nc3 Nf6 4. Be3 c6 5. Qd2 b5 6. Bd3 Nbd7 7. Nf3 a6 8. 
O-O Bb7 9. e5 dxe5 10. dxe5 Nd5 11. Nxd5 cxd5 12. e6 fxe6 13. Bd4 Nf6 14. 
Qe2 Qd6 15. Ng5 1-0

[Event "N1 Reykjavik Open 2014"]
[Site "Reykjavik, Iceland"]
[Date "2014.03.10"]
[Round "8.56"]
[White "Svensson, Lars-Ake"]
[Black "Hoffmann, Hendrik"]
[Result "0-1"]
[WhiteElo "2007"]
[BlackElo "2244"]
[EventDate "2014.03.04"]
[PlyCount "63"]

1. e4 d6 2. d4 Nf6 3. Nc3 g6 4. f3 Bg7 5. Be3 O-O 6. Qd2 e5 7. Nge2 exd4 
8. Nxd4 d5 9. exd5 Nxd5 10. Nxd5 Qxd5 11. c3 Re8 12. Kf2 a6 13. Be2 Nc6 
14. Nb3 Qf5 15. Rad1 Ne5 16. h3 Bf6 17. Nd4 Qd7 18. f4 Nc6 19. Nxc6 Qxc6 
20. Bf3 Qb5 21. Qc1 Be6 22. b3 Rad8 23. c4 Qb4 24. Rxd8 Rxd8 25. Rd1 Re8 
26. Bd2 Qc5+ 27. Be3 Qa5 28. a4 Qb4 29. Bd5 Bxd5 30. Rxd5 Qxb3 31. a5 Re4 
32. c5 0-1